| 000 | 00778nam a22002057a 4500 | ||
|---|---|---|---|
| 999 |
_c532841 _d532841 |
||
| 003 | NUST | ||
| 005 | 20191204093023.0 | ||
| 008 | 191204b ||||| |||| 00| 0 eng d | ||
| 038 | _aIESE | ||
| 082 |
_a363.7 _bMAQ |
||
| 100 |
_aMaqsood,Hania _926455 |
||
| 245 |
_aExploring optical properties of absorbing aerosols using satellite-based observations over Pakistan _cHania Maqsood |
||
| 260 |
_aIslamabad _bIESE (SCEE) NUST _c2019 |
||
| 300 |
_a68p. _bH.B |
||
| 440 |
_aMS Environmental Science _91724 |
||
| 500 | _aThesis MS ES | ||
| 650 |
_aEnvironmental Science _91725 |
||
| 700 | _4Dr. M Fahim Khokhar (Supervisor) | ||
| 942 |
_2ddc _cTHE _kIESE |
||